000 00604nam a2200193Ii 4500
003 JO-AjNU
008 230605s9999||||xx |||||||||||||| ||und||
040 _aJO-AjNU
_bara
_erda
_cJO-AjNU
041 _aara
050 1 4 _aQA 76 .76 1996
100 3 _aشنايدر، بوب ؛ ترجمة سعد قاسم ,
_eauthor
_928860
245 0 0 _a مبادئ Access 95
264 3 1 _aعمان:دار وائل، 2008
300 _a336ص
336 _atext
_btxt
_2rdacontent
337 _aunmediated
_bn
_2rdamedia
338 _avolume
_bnc
_2rdacarrier
650 4 _a Computer software -- Development. 
_928861
999 _aA11247
_c14815
_d14815